Biodiversity in agriculture : domestication, evolution, and sustainability
Αποθηκεύτηκε σε:
| Συγγραφή απο Οργανισμό/Αρχή: | |
|---|---|
| Άλλοι συγγραφείς: | |
| Μορφή: | Πρακτικό Συνεδρίου Βιβλίο |
| Γλώσσα: | English |
| Δημοσίευση: |
Cambridge :
Cambridge University Press,
c2012.
|
| Θέματα: | |
| Ετικέτες: |
Προσθήκη ετικέτας
Δεν υπάρχουν, Καταχωρήστε ετικέτα πρώτοι!
|
MARC
| LEADER | 00000cam a2200000 a 4500 | ||
|---|---|---|---|
| 001 | 1/111363 | ||
| 008 | 160715s2012####uk | ||| |||| ||eng|| | ||
| 020 | |a 9780521170871 |q (χαρτόδετο) | ||
| 040 | |a GR-MyUa |b gre |c GR-MyUa |e AACR2 | ||
| 041 | 0 | |a eng | |
| 082 | 7 | |a 631.58 |2 (23) | |
| 111 | 2 | |a Harlam Symposium |n (2nd : |d 2008 : |c University of California, Davis) | |
| 245 | 1 | 0 | |a Biodiversity in agriculture : |b domestication, evolution, and sustainability / |c edited by Paul Gepts ... [κ. ά.] |
| 260 | |a Cambridge : |b Cambridge University Press, |c c2012. | ||
| 300 | |a xxiv, 606 σ. : |b εικ., πίν., σχ. ; |c 25 εκ. | ||
| 500 | |a The presentations of the second edition of the Harlan Symposium, held September 14-18, 2008, on the campus of the University of California, Davis. | ||
| 504 | |a Περιλαμβάνει βιβλιογραφία και ευρετήριο. | ||
| 650 | 0 | |a Agrobiodiversity |x Congresses. | |
| 700 | 1 | |a Gepts, Paul L. |e edt | |
| 852 | |a INST |b LEMNOS |e 20160715 |h 631.58 BIO |p 005600001775 |q 005600001775 |t BK |y 0 | ||
| 922 | |a 6ΕΛΗ |b 2016-06 |c ΤΑΚ/ΤΕΤΔ |d Bookpath | ||
| 970 | |a Μοσχόβη |b Ευαγγελία |z 15-07-2016 | ||